00392nam a2200133Ia 4500008004100000082001400041100001800055245003200073260002000105600001200125942000700137952009700144999001700241241002s9999 xx 000 0 und d a923.1 LOR aLornt, Stefan 4aThe Life of Abraham Lincoln aNew York:c1955 aHistory cUC 00104070aUITUbUITUd1994-01-01l0o923.1 LORpUC152r2024-10-02 09:31:10w2024-10-02yUC c18479d18479